| 000 | 00751nam a2200241Ia 4500 | ||
|---|---|---|---|
| 003 | OSt | ||
| 005 | 20220923212200.0 | ||
| 006 | a|||||r|||| 00| 0 | ||
| 007 | ta | ||
| 008 | 220922b |||||||| |||| 00| 0 hin d | ||
| 024 | _a151,438 | ||
| 037 | _cTextual | ||
| 040 |
_aARTS _cARTS _bhin |
||
| 041 |
_2hin _ahin |
||
| 082 | _aDelta:3, 152K4 | ||
| 100 |
_aआयंगार, बी0 के0 एस0 _9162272 |
||
| 245 | 0 | _aयोग दीपिका | |
| 246 | _aYog dīpikā | ||
| 260 |
_aदिल्ली _b सुजित मुखर्जी प्रकाशन _c1964 |
||
| 300 |
_a342 पृ. _ccm. |
||
| 942 |
_hDelta:3, 152K4 _cTEXL _2CC |
||
| 999 |
_c307111 _d307111 |
||